Giáo trình quy hoạch và thiết kế hệ thống thủy lợi

Nội dung sách cho ta kiến thức về hệ thống thủy lợi như: chế độ tưới tiêu, nguồn nước và yêu cầu nước trong quy hoạch thủy lợi tổng hợp, phương pháp tưới và công nghệ tưới, bố trí hệ thống thủy lợi hay khảo sát và quy hoạch thủ...

ver descrição completa

Na minha lista:
Detalhes bibliográficos
Autor principal: Phạm, Ngọc Hải
Formato: Livro
Idioma:Undetermined
Publicado em: Hà Nội Xây Dựng 2006
Assuntos:
Tags: Adicionar Tag
Sem tags, seja o primeiro a adicionar uma tag!
Thư viện lưu trữ: Trung tâm Học liệu Trường Đại học Cần Thơ
LEADER 01270nam a2200205Ia 4500
001 CTU_112814
008 210402s9999 xx 000 0 und d
020 |c 68000 
082 |a 627 
082 |b Gi108/T1 
100 |a Phạm, Ngọc Hải 
245 0 |a Giáo trình quy hoạch và thiết kế hệ thống thủy lợi 
245 0 |c Phạm Ngọc Hải ... [et al.] 
260 |a Hà Nội 
260 |b Xây Dựng 
260 |c 2006 
520 |a Nội dung sách cho ta kiến thức về hệ thống thủy lợi như: chế độ tưới tiêu, nguồn nước và yêu cầu nước trong quy hoạch thủy lợi tổng hợp, phương pháp tưới và công nghệ tưới, bố trí hệ thống thủy lợi hay khảo sát và quy hoạch thủy lợi góp phần trang bị những kiến thức cần thiết cho sinh viên khi tốt nghiệp ra trường có thể đáp ứng được những yêu cầu mới của xã hội nhằm công nghiệp hóa hiện đại hóa đất nước. 
650 |a Hydraulic engineering 
904 |i Giang 
980 |a Trung tâm Học liệu Trường Đại học Cần Thơ